| 000 | 00435nam a22001697a 4500 | ||
|---|---|---|---|
| 003 | NUST - PNEC | ||
| 005 | 20170116181000.0 | ||
| 008 | 150912b xxu||||| |||| 00| 0 eng d | ||
| 020 | _a8170293847 | ||
| 040 | _cLIBRARY | ||
| 082 | _a005.71265 HOL | ||
| 100 |
_99484 _aHolmes, Michael |
||
| 245 |
_aC++ communications utilities _cMichael Holmes |
||
| 260 | _cc.1994 | ||
| 650 |
_911509 _aComputer Programming _xMIS |
||
| 942 |
_2ddc _cBK |
||
| 999 |
_c66687 _d66687 |
||